000 00981cam a22002897a 4500
001 991
005 20230815150959.0
008 940502s1992 nyua 000 0 eng
020 _a0590456466 :
040 _aDLC
_cDLC
_dDLC
_beng
050 0 0 _aMLC R CP01296
082 _aFic
100 1 _aMartin, Ann M.,
_d1955-
245 1 0 _aKaren's bully /
_cAnn M. Martin ; illustrations by Susan Tang.
260 _aNew York :
_bScholastic,
_c1992.
300 _a107 pages :
_billustrations ;
_c20 cm
490 1 _aBaby-sitters little sister ;
_vBook 31
500 _a"A Little Apple paperback."
500 _aSource: Copyright deposit, Jan. 14, 1994.
_5DLC
505 _aM
520 _aBobby, the class bully, is moving into Karen's neighborhood and she'll have no peace until she declares war on the bully.
521 _a540
_bLexile
521 _aM
_bRaz-Plus
700 1 _aTang, Susan
906 _a7
_bcbc
_corignew
_du
_encip
_f19
_gy-gencatlg
942 _2ddc
_cBK
_n0
999 _c991
_d991